不殺

資料類型: Book 圖書   書目號:40936

Leader xxxxxxxxxx
001 __ PCLIS00040936
005 __ 20210505130827.0
010 0_ |a978-986-218-577-3|b第1冊 : 精裝|dNT$399
010 0_ |a978-986-218-667-1|b第2冊 : 精裝|dNT$399
100 __ |a20091211g20092010m  y0chiy09      e
101 0_ |achi
102 __ |atw
105 __ |af   z   000ad
200 1_ |a不殺|f御我作|g小鐵繪
205 __ |a二版
210 __ |a臺中市|c銘顯文化出版|C佳音書報總經銷|d2009[民98]
215 0_ |a2冊(298, 300面)|c圖版|d22公分
225 2_ |a輕小說系列
300 __ |a全套8卷
320 __ |a含附錄
327 1_ |a1,不殺的殺手--2,被封印的殺手--3,擁有夥伴的殺手--4,過往的殺手--5,身為王子的殺手--6,流淚的殺手--7,微笑的殺手--8,成王的殺手
339 __ |a館藏: 第1-2卷
517 __ |a不殺的殺手
517 __ |a被封印的殺手
681 __ |a857.83|b875
700 _0 |a御我|4702 _0 |a小鐵|4801 _0 |atw|b內湖高中|c20091211|gCCR
詳細館藏 1-2 筆 (共 2 筆)
索 書 號登 錄 號冊次號館別 / 館藏地流通類型狀態加入預約清單電子資源
857.83 / 875 1017957 v.1 圖書館 / 一樓輕小說專區 可外借30天 在館   
857.83 / 875 1017958 v.2 圖書館 / 一樓輕小說專區 可外借30天 在館   

| 條列資料




目錄查詢 分類查詢 個人資料 圖書薦購 新書查詢 閉館日 排行榜 更多電子資源 Hami書城 線上資料庫 登出

From : 216.73.217.87

  本日流通累計至 18:43:12 借閱 : 1 次 續借 : 0 次 歸還 : 2 次 預約 : 0 次 電子資源 : 0 次


內湖高中圖書館  PCLIS 版本  26.5.0.12